000 00544nam a2200217Ia 4500
003 IT-RoPAU
008 120407s9999 xx 000 0 und d
040 _aIT-RoPAU
040 _cIT-RoPAU
041 _afra
100 _aOrigèné
245 _aLa lettre a Africanus sur l’histoire de Suzanne. Introd., texte, trad.et notes par N. De Lange (Testo greco-francese).
250 _aParis
260 _aDu Cerf
260 _c1983
300 _c19,5 cm
490 _aS. Chrètiennes
490 _v302
942 _cBK
999 _c13859
_d13859